| 000 | 00835cam a2200265 a 4500 | ||
|---|---|---|---|
| 999 |
_c5248 _d5248 |
||
| 001 | 4872244 | ||
| 003 | OSt | ||
| 005 | 20190102111614.0 | ||
| 008 | 920909s1992 flu 000 0 eng | ||
| 010 | _a 92073202 | ||
| 020 | _a0884193233 (pbk.) | ||
| 040 |
_aDLC _cDLC |
||
| 050 | 0 | 0 |
_aBS647.2 _b.P75 1992 |
| 082 | 0 | 0 |
_a262.7 _220 _bP954P |
| 100 | 1 | _aPrince, Derek. | |
| 245 | 1 | 0 |
_aProphetic destinies : _bwho is Israel? who is the Church? / _cDerek Prince. |
| 260 |
_aLake Mary, Fla. : _bCreation House, _cc1992. |
||
| 300 |
_a123 p. ; _c21 cm. |
||
| 630 | 0 | 0 |
_aBible _xProphecies. |
| 650 | 0 |
_aChurch _xBiblical teaching. |
|
| 650 | 0 |
_aIsrael (Christian theology) _xBiblical teaching. |
|
| 906 |
_a7 _bcbc _corignew _d3 _eopcn _f19 _gy-gencatlg |
||
| 942 |
_2ddc _cBK |
||